| 000 | 00372nam a22001577a 4500 | ||
|---|---|---|---|
| 003 | SGT | ||
| 020 | _a978-0-10-922908-6 | ||
| 082 |
_a611 _bC15R |
||
| 100 | _aROMANES, G.J. | ||
| 245 | _aCUNNINGHAM'S MANUAL OF PRACTICAL ANATOMY HEAD, NECK & BRAIN -3 | ||
| 250 | _a15TH | ||
| 260 |
_aINDIA _bOXFORD _c2015 |
||
| 300 | _a346 | ||
| 650 | _aANATOMY | ||
| 942 |
_2ddc _cBK _01 |
||
| 999 |
_c15534 _d15534 |
||